000
00319 a2200157 4500
001
56945
020
_a
8532519911
040
_c
Anchieta - Pituba
100
_a
Nunes, Soraya
240
1
0
_a
Casa da lua
_l
por
245
1
0
_a
Casa da lua
300
_a
95
362
0
_a
2006
650
4
_a
Literatura juvenil
942
_c
BK
999
_c
56945
_d
56945